Normal view
MARC view
- National Association of Women in Property
Entry Corporate Name
001 - CONTROL NUMBER
- control field: 5224
003 - CONTROL NUMBER IDENTIFIER
- control field: SIRSI
005 - DATE AND TIME OF LATEST TRANSACTION
- control field: 20190806150241.0
008 - FIXED-LENGTH DATA ELEMENTS
- fixed length control field: 070618n| acznnaabn |n ana d
040 ## - CATALOGING SOURCE
- Original cataloging agency: OSt
- Transcribing agency: OSt
110 2# - HEADING--CORPORATE NAME
- Corporate name or jurisdiction name as entry element: National Association of Women in Property
410 ## - SEE FROM TRACING--CORPORATE NAME
- Corporate name or jurisdiction name as entry element: The National Association of Women in Property
410 ## - SEE FROM TRACING--CORPORATE NAME
- Corporate name or jurisdiction name as entry element: Women in Property
670 ## - SOURCE DATA FOUND
- Source citation: Does the inudustry still need women in property, 2007